000 00793nam a22002177a 4500
003 UA-OsUOA
001 108469
007 ta
008 20141021b un ||||| |||| 00| 0 ukr d
100 _aЗаблоцький М.Б.
090 _a330(477)
_bЗ-12
942 _cSA
040 _aUA-OsUOA
_bukr
_cUA-OsUOA
_dUA-OsUOA
245 _aБалансова фінансово-ринкова регулятивна система: механізм синхронізації трендів грошової пропозиції і натурального продукту
300 _aС.132-148
955 _a0
041 _aukr
080 _a330(477)
773 0 _w108456
_tРегіональна економіка
_dЛьвів
_d2014
_g2
650 7 _a330 Економіка взагалі
_2UDC
999 _c394362
_d394362